BABYMONSTER-Billionaire - Statistics

General Stats
  • This quiz has been taken 237 times
  • The average score is 183 of 296
Answer Stats
Answer % Correct
b
98%
i
98%
a
96%
A
96%
like
89%
baby
86%
R
86%
be
81%
so
81%
K
80%
U
80%
me
79%
the
79%
you
79%
billionaire
74%
feel
74%
something
71%
go
70%
never
70%
before
69%
this
69%
who
69%
i'm
68%
look
68%
monster
68%
can
67%
don't
67%
on
67%
up
67%
got
66%
to
65%
it
64%
that
64%
at
63%
woke
62%
door
61%
felt
61%
in
61%
is
61%
feeling
60%
mine
60%
my
60%
of
59%
your
57%
and
56%
i've
56%
when
56%
money
55%
oh
55%
sky
54%
can't
53%
walk
53%
but
52%
cash
52%
click
52%
life
52%
mind
52%
they
52%
unfair
52%
green
51%
hear
51%
jealousy
51%
state
51%
compare
50%
not
50%
rich
50%
sorry
50%
that's
50%
through
50%
brag
49%
type
49%
world
49%
eyes
48%
stop
48%
here
46%
quantified
46%
rare
46%
talking
46%
mood
45%
it's
44%
know
44%
thing
44%
only
43%
watch
41%
if
40%
match
40%
mean
40%
yeah
40%
ain't
37%
fault
36%
break
34%
rules
33%
Asa
31%
babymonster
31%
trying
31%
face
24%
say
24%
boom
22%
bass
21%
chest
20%
turn
20%
pump
17%
with
17%
back
16%
flame
16%
name
16%
bet
15%
respect
15%
deal
13%
deck
13%
out
13%
power
13%
double
10%
cut
9%
above
7%
No matching quizzes found
Score Distribution
Percent of People with Each Score
Percentile by Number Answered
Your Score History
You have not taken this quiz